Every Song by Coheed and Cambria - Statistics

General Stats
  • This quiz has been taken 10 times
    2 since last reset
  • The average score is 8 of 164
Answer Stats
Album Song % Correct
Good Apollo, I'm Burning Star IV, Volume One: From Fear Through the Eyes of Madness(2005) Welcome Home
100%
In Keeping Secrets of Silent Earth: 3(2003) A Favor House Atlantic
50%
Good Apollo, I'm Burning Star IV, Volume One: From Fear Through the Eyes of Madness(2005) Apollo I: The Writing Writer
50%
Vaxis – Act II: A Window of the Waking Mind(2022) Blood
50%
In Keeping Secrets of Silent Earth: 3(2003) Blood Red Summer
50%
The Second Stage Turbine Blade(2002) Delirium Trigger
50%
In Keeping Secrets of Silent Earth: 3(2003) In Keeping Secrets of Silent Earth: 3
50%
Non-Album(2020) Jessie's Girl 2
50%
Good Apollo, I'm Burning Star IV, Volume Two: No World for Tomorrow(2007) No World for Tomorrow
50%
The Second Stage Turbine Blade(2002) Second Stage Turbine Blade
50%
The Afterman: Ascension(2012) The Afterman
50%
Vaxis – Act II: A Window of the Waking Mind(2022) The Father
50%
Vaxis – Act III: The Father of Make Believe(2025) The Father of Make Believe
50%
Good Apollo, I'm Burning Star IV, Volume One: From Fear Through the Eyes of Madness(2005) The Willing Well II: From Fear Through the Eyes of Madness
50%
Vaxis – Act I: The Unheavenly Creatures(2018) Unheavenly Creatures
50%
In Keeping Secrets of Silent Earth: 3(Hidden)(2003) 21:13
0%
The Afterman: Descension(2013) 2's My Favorite 1
0%
The Second Stage Turbine Blade(2002) 33
0%
Vaxis – Act II: A Window of the Waking Mind(2022) A Disappearing Act
0%
Vaxis – Act I: The Unheavenly Creatures(2018) All on Fire
0%
Good Apollo, I'm Burning Star IV, Volume One: From Fear Through the Eyes of Madness(2005) Always & Never
0%
The Color Before the Sun(2015) Atlas
0%
The Afterman: Descension(2013) Away We Go
0%
Vaxis – Act II: A Window of the Waking Mind(2022) Bad Man
0%
Vaxis – Act II: A Window of the Waking Mind(2022) Beautiful Losers
0%
Vaxis – Act II: A Window of the Waking Mind(2022) Birth
0%
Vaxis – Act I: The Unheavenly Creatures(2018) Black Sunday
0%
Vaxis – Act III: The Father of Make Believe(2025) Blind Side Sonny
0%
The Color Before the Sun(Bonus)(2015) Bridge and Tunnel
0%
The Penelope EP(1999) Camoflage
0%
The Afterman: Descension(Bonus)(2013) Carol Ann
0%
The Penelope EP(1999) Cassiopeia
0%
Year of the Black Rainbow(Bonus)(2010) Chamberlain
0%
The Color Before the Sun(2015) Colors
0%
Vaxis – Act II: A Window of the Waking Mind(2022) Comatose
0%
Vaxis – Act III: The Father of Make Believe(2025) Corner My Confidence
0%
Good Apollo, I'm Burning Star IV, Volume One: From Fear Through the Eyes of Madness(2005) Crossing the Frame
0%
In Keeping Secrets of Silent Earth: 3(2003) Cuts Marked in the March of Men
0%
The Afterman: Descension(2013) Dark Side of Me
0%
The Second Stage Turbine Blade(2002) Devil in Jersey City
0%
Plan to Take Over the World(1999) Disciple's Anthem
0%
Delirium Trigger(2000) Better Than Evil
0%
The Second Stage Turbine Blade(Bonus)(2002) Elf Tower New Mexico
0%
The Color Before the Sun(2015) Eraser
0%
The Second Stage Turbine Blade(2002) Everything Evil
0%
The Color Before the Sun(Bonus)(2015) Fangs of the Fox
0%
Year of the Black Rainbow(2010) Far
0%
Good Apollo, I'm Burning Star IV, Volume Two: No World for Tomorrow(2007) Feathers
0%
The Color Before the Sun(2015) Ghost
0%
The Penelope EP(1999) Godfather's Lollipop
0%
The Second Stage Turbine Blade(2002) God Send Conspirator
0%
Vaxis – Act III: The Father of Make Believe(2025) Goodbye, Sunshine
0%
Plan to Take Over the World(1999) Good Night
0%
The Afterman: Ascension(2012) Goodnight, Fair Lady
0%
Good Apollo, I'm Burning Star IV, Volume Two: No World for Tomorrow(2007) Gravemakers & Gunslingers
0%
The Afterman: Descension(2013) Gravity's Union
0%
Year of the Black Rainbow(2010) Guns of Summer
0%
The Second Stage Turbine Blade(2002) Hearshot Kid Disaster
0%
The Color Before the Sun(2015) Here to Mars
0%
Year of the Black Rainbow(2010) Here We Are Juggernaut
0%
Year of the Black Rainbow(Bonus)(2010) Hush
0%
Year of the Black Rainbow(2010) In the Flame of Error
0%
The Afterman: Descension(2013) Iron Fist
0%
The Color Before the Sun(2015) Island
0%
Vaxis – Act I: The Unheavenly Creatures(2018) It Walks Among Us
0%
The Second Stage Turbine Blade(2002) Junesong Provision
0%
Good Apollo, I'm Burning Star IV, Volume Two: No World for Tomorrow(2007) Justice in Murder
0%
Good Apollo, I'm Burning Star IV, Volume One: From Fear Through the Eyes of Madness(2005) Keeping the Blade
0%
The Afterman: Ascension(2012) Key Entity Extraction I: Domino the Destitute
0%
The Afterman: Ascension(2012) Key Entity Extraction II: Holly Wood the Cracked
0%
The Afterman: Ascension(2012) Key Entity Extraction III: Vic the Butcher
0%
The Afterman: Ascension(2012) Key Entity Extraction IV: Evagria the Faithful
0%
Vaxis – Act III: The Father of Make Believe(Bonus)(2025) Key Entity Extraction IX: Shiloh the Selfish
0%
Vaxis – Act III: The Father of Make Believe(Bonus)(2025) Key Entity Extraction VIII: Peter the Wishing
0%
Vaxis – Act III: The Father of Make Believe(Bonus)(2025) Key Entity Extraction VII: Yuko the Trivial
0%
Vaxis – Act III: The Father of Make Believe(Bonus)(2025) Key Entity Extraction VI: Melvin the Mistake
0%
The Afterman: Descension(2013) Key Entity Extraction V: Sentry the Defiant
0%
The Penelope EP(1999) Kinderwhore
0%
Good Apollo, I'm Burning Star IV, Volume Two: No World for Tomorrow(Bonus)(2007) Kitchen Jam
0%
Vaxis – Act II: A Window of the Waking Mind(2022) Ladders of Supremacy
0%
Vaxis – Act II: A Window of the Waking Mind(2022) Love Murder One
0%
Vaxis – Act I: The Unheavenly Creatures(2018) Love Protocol
0%
Vaxis – Act I: The Unheavenly Creatures(2018) Lucky Stars
0%
Year of the Black Rainbow(2010) Made Out of Nothing (All That I Am)
0%
Vaxis – Act III: The Father of Make Believe(2025) Meri of Mercy
0%
Good Apollo, I'm Burning Star IV, Volume One: From Fear Through the Eyes of Madness(2005) Mother May I
0%
The Afterman: Ascension(2012) Mothers of Men
0%
Good Apollo, I'm Burning Star IV, Volume Two: No World for Tomorrow(2007) Mother Superior
0%
The Second Stage Turbine Blade(2002) Neverender
0%
Vaxis – Act I: The Unheavenly Creatures(2018) Night-Time Walkers
0%
The Afterman: Descension(2013) Number City
0%
Vaxis – Act I: The Unheavenly Creatures(2018) Old Flames
0%
Good Apollo, I'm Burning Star IV, Volume One: From Fear Through the Eyes of Madness(2005) Once Upon Your Dead Body
0%
Year of the Black Rainbow(2010) One
0%
Vaxis – Act III: The Father of Make Believe(2025) One Last Miracle
0%
Vaxis – Act II: A Window of the Waking Mind(2022) Our Love
0%
The Color Before the Sun(2015) Peace to the Mountain
0%
Year of the Black Rainbow(2010) Pearl of the Stars
0%
Vaxis – Act III: The Father of Make Believe(2025) Play the Poet
0%
The Afterman: Descension(2013) Pretelethal
0%
Vaxis – Act I: The Unheavenly Creatures(2018) Prologue
0%
Vaxis – Act I: The Unheavenly Creatures(2018) Queen of the Dark
0%
The Afterman: Descension(Bonus)(2013) Random Reality Shifts
0%
Vaxis – Act II: A Window of the Waking Mind(2022) Rise, Naianasha (Cut the Cord)
0%
Vaxis – Act III: The Father of Make Believe(2025) Searching for Tomorrow
0%
The Penelope EP(1999) Shameless
0%
Vaxis – Act II: A Window of the Waking Mind(2022) Shoulders
0%
Vaxis – Act III: The Father of Make Believe(2025) Someone Who Can
0%
Plan to Take Over the World(1999) Star Cecil
0%
Plan to Take Over the World(1999) Strung Short
0%
The Afterman: Ascension(2012) Subtraction
0%
Good Apollo, I'm Burning Star IV, Volume One: From Fear Through the Eyes of Madness(2005) Ten Speed (of God's Blood & Burial)
0%
The Color Before the Sun(2015) The Audience
0%
Vaxis – Act II: A Window of the Waking Mind(2022) The Awakening
0%
Year of the Black Rainbow(2010) The Black Rainbow
0%
Year of the Black Rainbow(2010) The Broken
0%
In Keeping Secrets of Silent Earth: 3(2003) The Camper Velourium I: Faint of Hearts
0%
In Keeping Secrets of Silent Earth: 3(2003) The Camper Velourium II: Backend of Forever
0%
In Keeping Secrets of Silent Earth: 3(2003) The Camper Velourium III: Al the Killer
0%
Vaxis – Act III: The Father of Make Believe(2025) The Continuum III: Tethered Together
0%
Vaxis – Act III: The Father of Make Believe(2025) The Continuum II: The Flood
0%
Vaxis – Act III: The Father of Make Believe(2025) The Continuum IV: So It Goes
0%
Vaxis – Act III: The Father of Make Believe(2025) The Continuum I: Welcome to Forever, Mr. Nobody
0%
In Keeping Secrets of Silent Earth: 3(2003) The Crowing
0%
Vaxis – Act I: The Unheavenly Creatures(2018) The Dark Sentencer
0%
Vaxis – Act II: A Window of the Waking Mind(2022) The Embers of Fire
0%
Good Apollo, I'm Burning Star IV, Volume Two: No World for Tomorrow(2007) The End Complete III: The End Complete
0%
Good Apollo, I'm Burning Star IV, Volume Two: No World for Tomorrow(2007) The End Complete II: Radio Bye Bye
0%
Good Apollo, I'm Burning Star IV, Volume Two: No World for Tomorrow(2007) The End Complete I: The Fall of House Atlantic
0%
Good Apollo, I'm Burning Star IV, Volume Two: No World for Tomorrow(2007) The End Complete IV: The Road and the Damned
0%
Good Apollo, I'm Burning Star IV, Volume Two: No World for Tomorrow(2007) The End Complete V: On the Brink
0%
Vaxis – Act I: The Unheavenly Creatures(2018) The Gutter
0%
The Afterman: Descension(2013) The Hard Sell
0%
The Afterman: Ascension(2012) The Hollow
0%
The Afterman: Ascension(Bonus)(2012) The Homecoming
0%
Good Apollo, I'm Burning Star IV, Volume Two: No World for Tomorrow(2007) The Hound (of Blood and Rank)
0%
Vaxis – Act II: A Window of the Waking Mind(2022) The Liars Club
0%
In Keeping Secrets of Silent Earth: 3(2003) The Light & the Glass
0%
Year of the Black Rainbow(Bonus)(2010) The Lost Shepherd
0%
Good Apollo, I'm Burning Star IV, Volume One: From Fear Through the Eyes of Madness(2005) The Lying Lies & Dirty Secrets of Miss Erica Court
0%
Vaxis – Act II: A Window of the Waking Mind(2022) The Mirroring Eyes
0%
Vaxis – Act II: A Window of the Waking Mind(2022) The Mother
0%
Vaxis – Act III: The Father of Make Believe(Bonus)(2025) The Omni-Voice
0%
Vaxis – Act I: The Unheavenly Creatures(2018) The Pavilion (A Long Way Back)
0%
Good Apollo, I'm Burning Star IV, Volume Two: No World for Tomorrow(2007) The Reaping
0%
In Keeping Secrets of Silent Earth: 3(2003) The Ring in Return
0%
Good Apollo, I'm Burning Star IV, Volume Two: No World for Tomorrow(2007) The Running Free
0%
Good Apollo, I'm Burning Star IV, Volume One: From Fear Through the Eyes of Madness(2005) The Suffering
0%
Good Apollo, I'm Burning Star IV, Volume One: From Fear Through the Eyes of Madness(2005) The Willing Well I: Fuel for the Feeding End
0%
Good Apollo, I'm Burning Star IV, Volume One: From Fear Through the Eyes of Madness(2005) The Willing Well III: Apollo II: The Telling Truth
0%
Good Apollo, I'm Burning Star IV, Volume One: From Fear Through the Eyes of Madness(2005) The Willing Well IV: The Final Cut
0%
Year of the Black Rainbow(2010) This Shattered Symphony
0%
In Keeping Secrets of Silent Earth: 3(2003) Three Evils (Embodied in Love and Shadow)
0%
Vaxis – Act II: A Window of the Waking Mind(2022) Time
0%
The Second Stage Turbine Blade(2002) Time Consumer
0%
Vaxis – Act I: The Unheavenly Creatures(2018) Toys
0%
Vaxis – Act I: The Unheavenly Creatures(2018) True Ugly
0%
Plan to Take Over the World(1999) Wake Up!
0%
Good Apollo, I'm Burning Star IV, Volume One: From Fear Through the Eyes of Madness(2005) Wake Up
0%
Year of the Black Rainbow(2010) When Skeletons Live
0%
Year of the Black Rainbow(2010) World of Lines
0%
Vaxis – Act III: The Father of Make Believe(2025) Yesterday's Lost
0%
The Color Before the Sun(2015) You Got Spirit, Kid
0%
The Color Before the Sun(2015) Young Love
0%
No matching quizzes found
Score Distribution
Percent of People with Each Score
Percentile by Number Answered
Your Score History
You have not taken this quiz since the last reset